000 01021nam a2200193Ii 4500
003 JO-AjNU
008 230605s9999||||xx |||||||||||||| ||und||
040 _aJO-AjNU
_bara
_erda
_cJO-AjNU
041 _aara
050 1 4 _aHG8695.M8264.2014
100 3 _aالمؤسسة العامة للضمان الاجتماعي (الأردن),
_eauthor
_951733
245 0 0 _aالمؤسسة العامة للضمان الاجتماعي : التقرير السنوي
264 3 1 _aعمان، الاردن: وزارة العمل، مؤسسة الضمان الاجتماعي، 2014
300 _a99ص
336 _atext
_btxt
_2rdacontent
337 _aunmediated
_bn
_2rdamedia
338 _avolume
_bnc
_2rdacarrier
650 4 _aالتأمين الاجتماعي -- الأردن -- تقارير سنوية -- الأردن -- المؤسسة العامة للضمان الإجتماعي -- تقارير سنوية -- الأردن. وزارة العمل. المؤسسة العامة للضمان الاجتماعي -- تقارير
_951734
999 _aA22875
_c26443
_d26443